"Adil Düzen" diye diye (Record no. 7668)

MARC details
000 -BAŞLIK
Sabit Uzunlukta Kontrol Alanı 00700na a2200217 4500
001 - KONTROL NUMARASI
Denetim Alanı 20723
003 - KONTROL NUMARASI IDENTIFIER
Denetim Alanı MIRAKIL
005 - SON İŞLEM TARİHİ VE ZAMANI
Denetim Alanı 20181213155146.0
008 - SABİT-BOY VERİ ELEMANLARI - GENEL BİLGİLER
Sabit Uzunlukta Kontrol Alanı 170126b tu 000 0
040 ## - KATALOGLAMA KAYNAK
Orijinal Kataloglama Ajansı Milas
Kataloglama Dili tur
Metne Dönüştürmek Ajansı TR-AnCHP
041 ## - DİL KODU
Metin / Ses Parça Veya Ayrı Başlığın Dil Kodu tur
082 ## - DEWEY ONLU SINIFLANDIRMA NUMARASI
Sınıflandırma Numarası 324.2382
Ürün Numarası A14a [t.y.]
090 ## - SINIFLAMA NUMARASI
Sınıflama Numarası 324.2382 A14a [t.y.]
100 ## - ANA GİRİŞ - KİŞİSEL İSİM
Kişisel Ad Acıpayamlı, Murat
245 ## - BAŞLIK TABLOSU
Başlık "Adil Düzen" diye diye
Başlığın Kalan RP'nin Çorum dosyası ve günlükler
Sorumluluk Tablosu, Vb Murat Acıpayamlı
260 ## - YAYIN, DAĞITIM, VB
Yayın, Dağıtım, Vb Yeri Çorum
Yayıncı, Dağıtıcı, Vs Adı [yayl.y.]
Yayın, Dağıtım, Vb Tarihi [t.y.]
Üretici Firma Tuğra Limited Şti.
300 ## - FİZİKSEL TANIM
Kapsam 320 s.
Diğer Fiziksel Ayrıntıları res.
Boyutlar 20 sm.
610 ## - KONU KATMA GİRİŞ - TOPLANTI ADI
Giriş Elemanı Olarak Kurumsal Ad Veya Yargı Alanı Adı Refah Partisi (RP)
Genel Alt Bölüm Karşı yazılar
Kronolojik Alt Bölüm Araştırma ve inceleme
651 ## - KONU KATMA GİRİŞ - COĞRAFİ ADI
Coğrafi İsim Çorum
Genel Alt Bölümü Siyasal yaşam
Kronolojik Alt Bölümü Araştırmalar
942 ## - EKLENDİ GİRİŞ ELEMANLARI (KOHA)
Sınıflandırma Veya Raf Düzeni Kaynak
Koha Öğesi Türü Books
999 ## - SİSTEM KONTROL NUMARALARI (KOHA)
Koha Biblionumber 7668
Koha Biblioitemnumber 7668
Holdings
Kalıcı Konum Mevcut Konum Edinme Tarihi Edinim Kaynak Toplam Check-Out'Lar Tam Çağrı Numarası Barkod Tarih Son Görülme İtibaren Geçerli Fiyatlar Koha Öğesi Türü
CHP Kütüphanesi CHP Kütüphanesi 01/26/2017 Bağış   324.2382 A14a [t.y.] 012657 01/26/2017 01/26/2017 Books